First Names of Male Tennis Players - Statistics

General Stats
  • This quiz has been taken 419 times
  • The average score is 23 of 30
Answer Stats
First Name Last Name % Correct
Roger Federer
100%
Andy Murray
97%
Novak Djokovic
96%
Rafael Nadal
96%
Andre Agassi
94%
John McEnroe
94%
Pete Sampras
93%
Stan Wawrinka
89%
Björn Borg
87%
Boris Becker
86%
Ivan Lendl
85%
Rod Laver
85%
Gaël Monfils
84%
Jimmy Connors
82%
Arthur Ashe
81%
Dominic Thiem
79%
Marin Čilić
79%
{Juan} {Martín} del Potro
76%
Tommy Haas
75%
Milos Raonic
74%
Stefan Edberg
73%
Kei Nishikori
72%
Marat Safin
70%
Mats Wilander
69%
Lleyton Hewitt
66%
{Jo}-{Wilfried} Tsonga
58%
Gustavo Kuerten
54%
Ilie Năstase
47%
Richard Krajicek
41%
William Renshaw
19%
No matching quizzes found
Score Distribution
Percent of People with Each Score
Percentile by Number Answered
Your Score History
You have not taken this quiz